Alternativas de educación preescolar para zonas marginalizadas urbanas : el proyecto Nezahualpilli.

Guardat en:
Dades bibliogràfiques
Autor principal: Pérez Alarcón, Jorge (autor)
Altres autors: Pamplona, Ignacio (autor) (autor)
Format: Publicació Periòdica
Idioma:espanyol
Matèries:
Accés en línia:Ver documento en línea
Etiquetes: Afegir etiqueta
Sense etiquetes, Sigues el primer a etiquetar aquest registre!

MARC

LEADER 00000cas^a2200000uu^4500
001 000471698
005 20260414000000.0
008 050901s1984^^^^^^^^^^^br^^^^^000^0^spa^d
009 20260414173808.271
035 |a FCE 000014503 
035 |a FCE 005881 
037 |a Acervo ITESO - Biblioteca 
041 |a spa 
095 |a 3980 CIDE 
100 |a Pérez Alarcón, Jorge  |e (autor) 
245 1 0 |a Alternativas de educación preescolar para zonas marginalizadas urbanas :  |b el proyecto Nezahualpilli.  |h [Microfichas] 
264 |a México :  |b Centro de Estudios Educativos,  |c 1984. 
336 |a texto  |b txt  |2 rdacontenido 
337 |a sin mediación  |b n  |2 rdamedio 
338 |a volumen  |b nc  |2 rdasoporte 
649 |a XX 
650 |a Estrategias de la educación 
650 |a Zonas marginadas 
650 |a Pobreza 
650 |a Zona urbana 
650 |a Educación preescolar 
740 |g vol. 14, no. 1-2, 1984, pp. 75-138  |t Revista Latinoamericana de Estudios Educativos. 
700 |a Pamplona, Ignacio  |e (autor) 
856 4 0 |u https://redalyc.uaemex.mx/redalyc/src/inicio/ArtPdfRed.jsp?iCve=27035405&iCveNum=4061  |y Ver documento en línea 
910 |a Fondo Centro de Estudios Educativos 
920 |a Impresos - Libros 
930 |a Fondos Especiales 
905 |a 133 
902 |a https://opac.biblio.iteso.mx/vufind/Record/000471698